| 000 | 00652cam a2200217 a 4500 | ||
|---|---|---|---|
| 001 | 635332 | ||
| 005 | 20240306053138.0 | ||
| 008 | 930701s1994 ctuab b 001 0 eng | ||
| 020 | _a0300054076 (cloth : alk. paper) | ||
| 020 | _a0300054084 (paper : alk. paper) | ||
| 040 |
_aDLC _cDLC _dDLC |
||
| 082 | 0 | 0 |
_a323.334. _220 _bWOM. |
| 245 | 0 | 0 |
_aWomen and politics worldwide / _cedited by Barbara J. Nelson and Najma Chowdhury. |
| 260 |
_aNew Haven : _bYale University Press, _c1994. |
||
| 300 | _axi, 818 p. : | ||
| 650 | 0 | _aWomen | |
| 650 | 0 | _aWomen's rights | |
| 700 | 1 |
_aNelson, Barbara J., _eedt |
|
| 700 | 1 |
_aCaudhurī, Nājamā, _eedt |
|
| 942 | _cL | ||
| 999 |
_c549 _d549 |
||